[Event "96th ch-GER Candidates"]
[Site "Munich GER"]
[Date "2025.05.21"]
[Round "7.9"]
[White "Voicu-Jagodzinsky, Carmen"]
[Black "Besou, Hussain"]
[Result "1/2-1/2"]
[WhiteTitle "WGM"]
[BlackTitle "FM"]
[WhiteElo "2220"]
[BlackElo "2351"]
[WhiteFideId "1206729"]
[BlackFideId "16269950"]
[EventDate "2025.05.17"]

1. d4 Nf6 2. Bf4 d5 3. Nf3 c5 4. e3 Nc6 5. Nbd2 e6 6. c3 Nh5 7. Bg5 f6 8. Bh4 g6
9. a3 cxd4 10. cxd4 Be7 11. Bd3 O-O 12. O-O Bd7 13. Rc1 Be8 14. b4 g5 15. Bg3
Nxg3 16. hxg3 g4 17. Nh2 f5 18. Nxg4 fxg4 19. Qxg4+ Kh8 20. b5 Nb8 21. Qh3 Rf7
22. Qxe6 Nd7 23. Qxd5 Bxa3 24. Ra1 Bf8 25. Nf3 Rg7 26. Rfc1 Qb6 27. Nh4 Nf6 28.
Qc4 Ng4 29. Nf5 Rf7 30. Rc2 Qg6 31. f3 Nh6 32. g4 Nxf5 33. Bxf5 Qh6 34. f4 a6
35. Qd5 Re7 36. bxa6 Rxa6 37. Rxa6 Qxa6 38. Kf2 Qh6 39. Qa5 Qh4+ 40. Kf3 Qh1 41.
Kf2 Qh4+ 1/2-1/2

[Event "96th ch-GER Candidates"]
[Site "Munich GER"]
[Date "2025.05.21"]
[Round "7.10"]
[White "Kocharin, Timur"]
[Black "Sauer, Tim"]
[Result "1-0"]
[WhiteTitle "FM"]
[WhiteElo "2324"]
[BlackElo "2139"]
[WhiteFideId "16240936"]
[BlackFideId "16265726"]
[EventDate "2025.05.17"]

1. e4 c5 2. Nf3 g6 3. c3 d5 4. exd5 Qxd5 5. d4 Bg7 6. Na3 cxd4 7. Nb5 Na6 8.
Nbxd4 Nf6 9. Bb5+ Bd7 10. Bxa6 bxa6 11. O-O O-O 12. Re1 Rfe8 13. Ne5 Rad8 14.
Nxd7 Nxd7 15. Be3 Nc5 16. Qc2 e5 17. Nb3 Nd3 18. Red1 e4 19. Bxa7 Bh6 20. Bd4
Qf5 21. Be3 Bxe3 22. fxe3 Qg4 23. Nd4 f5 24. Rf1 Qg5 25. Qd2 Ne5 26. Qe2 Nd3 27.
g3 Rc8 28. Kg2 Ne5 29. Rae1 Qh6 30. h3 Nd3 31. Rd1 Qg5 32. Nb3 Rf8 33. Kh2 Ne5
34. Rd5 Nf3+ 35. Kg2 h5 36. Nd4 h4 37. g4 Nxd4 38. cxd4 Rc6 39. b4 Rc3 40. Rf4
Rb8 41. Rc5 Rd3 42. Rxe4 Ra3 43. Qc4+ Kh8 44. Qe6 Rf8 45. Rf4 Qf6 46. Qxf6+ Rxf6
47. gxf5 Rxe3 48. Rxh4+ Kg7 49. Rg4 Re2+ 50. Kg3 Rxa2 51. Rc7+ Kh6 52. Rxg6+
Rxg6+ 53. fxg6 Rb2 54. g7 Kh7 55. d5 Rb3+ 56. Kf2 Rd3 57. Rd7 Rxh3 58. d6 Rd3
59. Ke2 Rd5 60. Ke3 1-0

[Event "96th ch-GER Candidates"]
[Site "Munich GER"]
[Date "2025.05.21"]
[Round "7.11"]
[White "Herbrig, Alexander"]
[Black "Grossmann, Piet"]
[Result "1/2-1/2"]
[WhiteTitle "FM"]
[WhiteElo "2297"]
[BlackElo "2063"]
[WhiteFideId "12952044"]
[BlackFideId "16234359"]
[EventDate "2025.05.17"]

1. d4 Nf6 2. c4 e6 3. Nf3 d5 4. g3 Be7 5. Bg2 O-O 6. O-O dxc4 7. Na3 Bxa3 8.
bxa3 Bd7 9. a4 Bc6 10. Ba3 Re8 11. Qc2 a5 12. Rac1 Nbd7 13. Qxc4 Nb6 14. Qc2 Rc8
15. Qd2 Be4 16. Ne5 Bxg2 17. Kxg2 Ne4 18. Qd3 Nd6 19. Qb3 Nf5 20. e3 Qd5+ 21.
Kg1 Qe4 22. Qc2 Qxc2 23. Rxc2 Nxa4 24. Rb1 Nd6 25. Nc4 Nxc4 26. Rxc4 Nb6 27. Rc5
Nd7 28. Rc2 b6 29. Rbc1 c5 30. dxc5 Nxc5 31. Bxc5 Rxc5 32. Rxc5 bxc5 33. Rxc5
Ra8 34. Kf1 Kf8 35. Ke2 Ke8 36. a4 Kd7 37. Kd3 Kd6 38. Kd4 f6 39. f4 f5 40. Rb5
Ra6 41. Rb7 h5 42. Rxg7 Rb6 43. Rh7 Rb4+ 44. Kd3 Rxa4 45. Rxh5 Ra3+ 46. Kd4 Ra4+
47. Kd3 Ra3+ 48. Ke2 Ra1 49. Rh8 a4 50. Kf3 a3 51. Ra8 Ke7 52. h3 a2 53. Kg2 Kf6
54. Ra6 Kf7 55. h4 Kg7 56. Kh2 Kh7 57. Kg2 Kg7 58. g4 fxg4 59. e4 Re1 60. Rxa2
Rxe4 61. Kg3 e5 62. Ra7+ Kg8 63. Ra8+ Kg7 64. Ra7+ Kg8 65. Kxg4 Rxf4+ 66. Kg5
Rf1 67. Re7 Re1 68. Kg6 Rg1+ 69. Kh6 Re1 70. h5 e4 71. Kg6 Rg1+ 72. Kf5 Rf1+ 73.
Kg5 Rg1+ 74. Kh6 Re1 75. Rg7+ Kf8 76. Rg5 Kf7 77. Re5 1/2-1/2

[Event "96th ch-GER Candidates"]
[Site "Munich GER"]
[Date "2025.05.21"]
[Round "7.12"]
[White "Saglam, Buelent"]
[Black "Polster, Christian"]
[Result "0-1"]
[BlackTitle "FM"]
[WhiteElo "2114"]
[BlackElo "2295"]
[WhiteFideId "24694827"]
[BlackFideId "12965081"]
[EventDate "2025.05.17"]

1. d4 Nf6 2. c4 e6 3. Nf3 d5 4. Nc3 Nbd7 5. cxd5 exd5 6. Bg5 Bb4 7. Qb3 c5 8.
O-O-O Bxc3 9. Qxc3 O-O 10. dxc5 Qc7 11. Be3 Ne4 12. Qc2 Ndf6 13. Nd2 Bf5 14.
Nxe4 Nxe4 15. Rxd5 Bg6 16. Qc4 Rad8 17. Rd3 b5 18. Qb4 a5 19. Qxb5 Nxf2 20. Rxd8
Rxd8 21. Bd2 Qe5 22. Qxa5 Rc8 23. Bc3 Qe3+ 0-1

[Event "96th ch-GER Candidates"]
[Site "Munich GER"]
[Date "2025.05.21"]
[Round "7.13"]
[White "Hoppstaedter, Daniel"]
[Black "Pfrommer, Christoph"]
[Result "1-0"]
[BlackTitle "FM"]
[WhiteElo "2161"]
[BlackElo "2272"]
[WhiteFideId "16243625"]
[BlackFideId "4603290"]
[EventDate "2025.05.17"]

1. d4 d5 2. c4 e6 3. Nc3 Nf6 4. cxd5 exd5 5. Bg5 Be7 6. e3 O-O 7. Bd3 Re8 8. Qc2
h6 9. Bh4 c5 10. Nge2 Nc6 11. a3 cxd4 12. exd4 Be6 13. f3 Nh5 14. Bf2 Bd6 15.
O-O Nf4 16. Nxf4 Bxf4 17. Na4 Rc8 18. Nc5 Nxd4 19. Qa4 Rxc5 20. Qxd4 Bd6 21. b4
Rc8 22. Qxa7 Qc7 23. g3 Bh3 24. Rfe1 Qc3 25. Rxe8+ Rxe8 26. Qd4 Be5 27. Qxc3
Bxc3 28. Rc1 d4 29. Bb5 Ra8 30. a4 b6 31. Be1 Rd8 32. Bxc3 dxc3 33. Rxc3 Rd2 34.
Rd3 Rg2+ 35. Kf1 Rxh2+ 36. Ke1 Rb2 37. Rd6 Rxb4 38. g4 Kf8 39. Rxb6 Rb1+ 40. Kf2
Bf1 41. Rb8+ Ke7 42. Re8+ 1-0

[Event "96th ch-GER Candidates"]
[Site "Munich GER"]
[Date "2025.05.21"]
[Round "7.14"]
[White "Lippert, Daniel"]
[Black "Steffens, Olaf"]
[Result "0-1"]
[BlackTitle "FM"]
[WhiteElo "2227"]
[BlackElo "2184"]
[WhiteFideId "16261895"]
[BlackFideId "4630564"]
[EventDate "2025.05.17"]

1. e4 Nf6 2. e5 Nd5 3. d4 d6 4. Nf3 g6 5. Bc4 Nb6 6. Bb3 Bg7 7. Ng5 d5 8. c3 f6
9. exf6 exf6 10. Nf3 Nc6 11. a4 a5 12. Na3 Be6 13. h4 Qd7 14. Bf4 Nc4 15. Bxc4
dxc4 16. Nb5 Rc8 17. h5 Kf7 18. h6 Bf8 19. Nxc7 Rxc7 20. Bxc7 Qxc7 21. d5 Bf5
22. dxc6 Bd3 23. Nd4 Bc5 24. Qf3 Re8+ 25. Kd1 Qe5 26. Qe3 Qd5 27. c7 Rxe3 28.
c8=Q Re8 29. Qc7+ Re7 30. Qxa5 b6 31. Qb5 Qxg2 32. Re1 Bxd4 33. Rxe7+ Kxe7 34.
cxd4 Qf1+ 35. Kd2 Qe2+ 36. Kc3 Qc2+ 37. Kb4 Qxb2# 0-1

[Event "96th ch-GER Candidates"]
[Site "Munich GER"]
[Date "2025.05.21"]
[Round "7.15"]
[White "Maier, Alexander"]
[Black "Manucharyan, Andriy"]
[Result "0-1"]
[WhiteTitle "IM"]
[WhiteElo "2226"]
[BlackElo "2141"]
[WhiteFideId "4617061"]
[BlackFideId "16260910"]
[EventDate "2025.05.17"]

1. e4 e6 2. d4 d5 3. exd5 exd5 4. Qf3 Qe7+ 5. Ne2 Nc6 6. c3 Be6 7. Be3 O-O-O 8.
Nd2 Qd7 9. h3 f6 10. Nf4 Bf7 11. Bd3 Kb8 12. O-O-O Na5 13. Bc2 Ne7 14. Rhe1 Nf5
15. Qg4 Nd6 16. Qxd7 Rxd7 17. b3 g6 18. Nd3 b6 19. Kb2 Bg7 20. Bf4 Nab7 21. Re2
Re8 22. Rde1 Rxe2 23. Rxe2 Bf8 24. g4 Re7 25. Rxe7 Bxe7 26. f3 Nd8 27. a4 Ne6
28. Be3 a5 29. h4 Kb7 30. Kc1 Ne8 31. f4 Nd6 32. c4 Ng7 33. c5 Ne4 34. cxb6 cxb6
35. Nf2 Nxf2 36. Bxf2 Bd6 37. Be3 Be6 38. Bd1 Bd7 39. Bf3 Kc6 40. Nb1 Ne6 41. g5
fxg5 42. fxg5 Bg3 43. h5 Bf4 44. Bxf4 Nxf4 45. hxg6 hxg6 46. Nc3 Be6 47. Kd2 Nh3
48. Ke3 Nxg5 49. Bg2 Nf7 50. Bf1 g5 51. Bd3 Nd6 52. Ne2 Bf5 53. Bxf5 Nxf5+ 54.
Kf3 Nh6 55. Ng3 Kd6 56. Ne2 Ke6 57. Ng3 Nf5 58. Ne2 Nh6 59. Ng3 Kf6 60. Ne2 Ke7
61. Nc3 Ke6 62. Ne2 Kf5 63. Ng3+ Kg6 64. Ne2 Ng8 65. Ng3 Nf6 66. Ne2 Kh5 67. Kg3
Ne4+ 68. Kg2 Kg4 69. Ng1 Kf4 70. Nf3 Ke3 71. Ne5 Nf6 72. Nf7 g4 73. Kg3 Kxd4 74.
Kf4 Kc3 75. Ne5 d4 76. Kf5 d3 0-1

[Event "96th ch-GER Candidates"]
[Site "Munich GER"]
[Date "2025.05.21"]
[Round "7.16"]
[White "Philipp, Mathias"]
[Black "Mueller, Thorsten"]
[Result "1-0"]
[WhiteTitle "CM"]
[WhiteElo "2159"]
[BlackElo "2034"]
[WhiteFideId "12958883"]
[BlackFideId "4653319"]
[EventDate "2025.05.17"]

1. e4 e6 2. d4 d5 3. Nd2 Nf6 4. e5 Nfd7 5. Bd3 c5 6. c3 Nc6 7. Ne2 cxd4 8. cxd4
f6 9. exf6 Nxf6 10. Nf3 Bd6 11. O-O O-O 12. Bf4 Bxf4 13. Nxf4 Ne4 14. Ne2 Rxf3
15. gxf3 Ng5 16. f4 Nf3+ 17. Kg2 e5 18. Kxf3 e4+ 19. Kg2 exd3 20. Qxd3 Qf6 21.
Ng3 Qxf4 22. Qe3 Qf7 23. f4 Bd7 24. f5 Qf6 25. Rad1 Re8 26. Qf3 Ne7 27. Qf4 Nc6
28. Rd2 Rf8 29. Qe3 Qh4 30. Rf4 Qg5 31. Rdf2 Re8 32. Qf3 Ne7 33. Rg4 Qf6 34. Nh5
Qxf5 35. Rxg7+ Kh8 36. Qxf5 Bxf5 37. Rxe7 Be4+ 38. Kh3 Rg8 39. Nf6 1-0

[Event "96th ch-GER Candidates"]
[Site "Munich GER"]
[Date "2025.05.22"]
[Round "8.1"]
[White "Poetsch, Hagen"]
[Black "Braun, Georg"]
[Result "0-1"]
[WhiteTitle "GM"]
[BlackTitle "FM"]
[WhiteElo "2484"]
[BlackElo "2385"]
[WhiteFideId "24615137"]
[BlackFideId "24629383"]
[EventDate "2025.05.17"]

1. e4 c5 2. Nf3 Nc6 3. d4 cxd4 4. Nxd4 Nf6 5. Nc3 e5 6. Ndb5 d6 7. Nd5 Nxd5 8.
exd5 Nb8 9. Qf3 a6 10. Qa3 Be7 11. Bg5 f6 12. Bd2 O-O 13. Bb4 Qd7 14. Nc3 b6 15.
Qb3 Qc7 16. a4 Nd7 17. Qc4 Nc5 18. Ne4 f5 19. Nxc5 bxc5 20. Bc3 a5 21. Qa2 Bg5
22. Bb5 e4 23. Qc4 Qe7 24. Qe2 f4 25. h4 Bf6 26. Bxf6 Rxf6 27. O-O-O Bf5 28. g3
Rg6 29. h5 Bg4 30. Qd2 e3 31. Qc3 Rf6 32. Rde1 Bf3 33. Rh4 fxg3 34. Rxe3 g2 35.
Rxe7 g1=Q+ 36. Qe1 Qg5+ 37. Kb1 Qxh4 38. Bd7 Qh1 39. Qxh1 Bxh1 40. h6 gxh6 0-1

[Event "96th ch-GER Candidates"]
[Site "Munich GER"]
[Date "2025.05.22"]
[Round "8.2"]
[White "Kuegel, Tobias"]
[Black "Kunin, Vitaly"]
[Result "1-0"]
[WhiteTitle "IM"]
[BlackTitle "GM"]
[WhiteElo "2362"]
[BlackElo "2497"]
[WhiteFideId "4636295"]
[BlackFideId "4128737"]
[EventDate "2025.05.17"]

1. e4 c6 2. Nf3 d5 3. Nc3 Bg4 4. h3 Bxf3 5. Qxf3 e6 6. d4 Nf6 7. Be2 dxe4 8.
Nxe4 Qxd4 9. Nxf6+ Qxf6 10. Qb3 Qe7 11. O-O Qb4 12. Qg3 Nd7 13. Rd1 O-O-O 14. a4
Qa5 15. c3 h5 16. b4 h4 17. Qf3 Qf5 18. Bf4 e5 19. Be3 Qxf3 20. Bxf3 f5 21. Bxa7
Be7 22. b5 cxb5 23. axb5 e4 24. Be2 b6 25. Rxd7 Rxd7 26. Bxb6 Kb8 27. Bc4 Rh6
28. Be3 g5 29. Bf7 Rhd6 30. Bd4 Bf6 31. Be8 Rd8 32. Bxf6 Rxf6 33. Bc6 Kc7 34. c4
Rfd6 35. Bd5 Kb6 36. Kf1 Kc5 37. Ke2 Re8 38. Ra7 f4 39. Rg7 Re5 40. Rc7+ Kd4 41.
Ra7 g4 42. hxg4 h3 43. gxh3 f3+ 44. Kd2 Rh6 45. Rd7 Rxh3 46. Bf7+ Kc5 47. Ke3
Rh1 48. Rd5+ Rxd5 49. Bxd5 Re1+ 50. Kf4 Re2 51. Bxe4 Rxf2 52. Bxf3 Kxc4 53. b6
Rd2 54. g5 Kc5 55. b7 Rd8 56. Ke5 Re8+ 57. Kf6 Kd6 58. Kf7 Rd8 59. g6 Kc7 60. g7
Rd7+ 61. Kg6 Rd8 62. Kh7 Rd7 63. Kh8 1-0

[Event "96th ch-GER Candidates"]
[Site "Munich GER"]
[Date "2025.05.22"]
[Round "8.3"]
[White "Hagner, Bennet"]
[Black "Krastev, Alexander"]
[Result "1/2-1/2"]
[WhiteTitle "IM"]
[BlackTitle "IM"]
[WhiteElo "2418"]
[BlackElo "2426"]
[WhiteFideId "16224477"]
[BlackFideId "12989983"]
[EventDate "2025.05.17"]

1. e4 e6 2. d4 d5 3. Nc3 Nf6 4. e5 Nfd7 5. f4 c5 6. Nf3 Nc6 7. Be3 Be7 8. Qd2 a6
9. dxc5 Nxc5 10. O-O-O Qa5 11. Kb1 b5 12. Bd3 Nxd3 13. cxd3 Bd7 14. Rc1 O-O 15.
Ne2 Qxd2 16. Bxd2 Rfc8 17. Ned4 b4 18. Nxc6 Bxc6 19. Nd4 Bd7 20. Be3 f6 21.
Rxc8+ Rxc8 22. Rc1 Rxc1+ 23. Kxc1 Kf7 24. Kd2 fxe5 25. fxe5 Ba4 26. g4 h6 27. h3
Bd7 28. Ke2 Bd8 29. Nf3 Bc7 30. Bc5 a5 31. Ke3 Ba4 32. b3 Bb5 33. h4 Ba6 34. Kd4
Ke8 35. g5 hxg5 36. Nxg5 Kd7 37. h5 Bd8 38. Nf7 Bc7 39. Nh8 Ke8 40. Ng6 Bd8 41.
Bd6 1/2-1/2

[Event "96th ch-GER Candidates"]
[Site "Munich GER"]
[Date "2025.05.22"]
[Round "8.4"]
[White "Vavulin, Maxim"]
[Black "Koepke, Christian"]
[Result "1-0"]
[WhiteTitle "GM"]
[BlackTitle "IM"]
[WhiteElo "2542"]
[BlackElo "2328"]
[WhiteFideId "4169530"]
[BlackFideId "4655737"]
[EventDate "2025.05.17"]

1. e4 c5 2. Nf3 d6 3. d4 cxd4 4. Nxd4 Nf6 5. Nc3 Nc6 6. Bc4 Bd7 7. Bb3 e6 8.
Ndb5 Qb8 9. a4 Be7 10. Bg5 a6 11. Na3 Na5 12. O-O Nxb3 13. cxb3 Bc6 14. Nc4 b5
15. Bxf6 gxf6 16. axb5 axb5 17. Na5 Bd7 18. b4 O-O 19. Qh5 Kh8 20. Rad1 Be8 21.
Rd3 Rg8 22. Re1 Rg5 23. Qd1 Qb6 24. Ree3 Bd7 25. Rg3 Rxg3 26. Rxg3 Rg8 27. Rf3
Rg5 28. Qd3 Qc7 29. Qd4 Kg7 30. Rd3 Kg8 31. Qe3 Rg6 32. Rd1 d5 33. Qd4 Qf4 34.
Ne2 Qg4 35. Ng3 Bd6 36. exd5 Bxb4 37. Nb3 Bf8 38. d6 Qxd4 39. Rxd4 e5 40. Rd1 f5
41. Nc5 f4 42. Nxd7 fxg3 43. Nxf8 gxf2+ 44. Kxf2 Kxf8 45. d7 1-0

[Event "96th ch-GER Candidates"]
[Site "Munich GER"]
[Date "2025.05.22"]
[Round "8.5"]
[White "Gloeckler, Christian"]
[Black "Hertneck, Gerald"]
[Result "1-0"]
[WhiteTitle "FM"]
[BlackTitle "GM"]
[WhiteElo "2429"]
[BlackElo "2420"]
[WhiteFideId "34608966"]
[BlackFideId "4600088"]
[EventDate "2025.05.17"]

1. e4 e6 2. d4 d5 3. e5 c5 4. c3 Nc6 5. Nf3 Bd7 6. Be2 Nge7 7. O-O Ng6 8. Be3
Rc8 9. dxc5 Ncxe5 10. Nxe5 Nxe5 11. b4 Be7 12. Nd2 O-O 13. a4 Bf6 14. Qb3 Be8
15. Rad1 Nd7 16. Nf3 b6 17. c4 d4 18. Nxd4 bxc5 19. Nb5 Qb6 20. Rd6 Qb8 21. Rfd1
a6 22. Rxa6 Be7 23. Ra7 Rd8 24. a5 cxb4 25. Rc7 Qa8 26. Bf3 Qa6 27. Ra7 Qc8 28.
Ra8 Nb8 29. Rxd8 Qxd8 30. a6 Bxb5 31. cxb5 Qa5 32. a7 Qxb5 33. Bf4 e5 34. Qd5 1-0

[Event "96th ch-GER Candidates"]
[Site "Munich GER"]
[Date "2025.05.22"]
[Round "8.6"]
[White "Miller, Eduard"]
[Black "Spitzl, Vinzent"]
[Result "1-0"]
[WhiteTitle "FM"]
[BlackTitle "FM"]
[WhiteElo "2338"]
[BlackElo "2355"]
[WhiteFideId "24687022"]
[BlackFideId "12901253"]
[EventDate "2025.05.17"]

1. Nf3 Nf6 2. g3 d5 3. Bg2 e6 4. O-O Be7 5. d3 a5 6. a4 O-O 7. b3 Nc6 8. Bb2 Re8
9. Nbd2 b6 10. e4 dxe4 11. dxe4 Ba6 12. e5 Nd5 13. Nc4 Bb4 14. Qd3 b5 15. axb5
Bxb5 16. h4 h6 17. Rfd1 a4 18. bxa4 Bxa4 19. Qe4 Qe7 20. Bf1 Qc5 21. Bd3 Kf8 22.
Qh7 Ke7 23. Rxa4 Rxa4 24. Qxg7 Bc3 25. Bxc3 Nxc3 26. Bg6 Rf8 27. Qf6+ Ke8 28.
Qxe6+ 1-0

[Event "96th ch-GER Candidates"]
[Site "Munich GER"]
[Date "2025.05.22"]
[Round "8.7"]
[White "Polster, Christian"]
[Black "Garner, Isaac"]
[Result "1/2-1/2"]
[WhiteTitle "FM"]
[WhiteElo "2295"]
[BlackElo "2399"]
[WhiteFideId "12965081"]
[BlackFideId "16239261"]
[EventDate "2025.05.17"]

1. e4 c6 2. Nc3 d5 3. Nf3 dxe4 4. Nxe4 Nf6 5. Qe2 Na6 6. Nxf6+ gxf6 7. g3 Nb4 8.
Qe4 Qd5 9. Qxd5 cxd5 10. Kd1 Bg4 11. Bb5+ Kd8 12. Be2 Rc8 13. c3 Nd3 14. Rf1
Nxc1 15. Rxc1 e6 16. Nh4 h5 17. h3 Bxe2+ 18. Kxe2 f5 19. Ng2 Bh6 20. f4 Ke7 21.
d4 Bg7 22. Ne3 b5 23. a3 a5 24. Kd3 Kd7 25. Rg1 Bh6 26. Rcf1 Bf8 27. Rf3 Bd6 28.
g4 hxg4 29. hxg4 Rcg8 30. Rg2 fxg4 31. Rxg4 f5 32. Rxg8 Rxg8 33. Nd1 b4 34. axb4
axb4 35. Nf2 Rg1 36. Ke2 Rg2 37. cxb4 Bxb4 38. Rb3 Bd6 39. Kf3 Rh2 40. Nd3 Kc7
41. Rc3+ Kd8 42. Rc6 Rh3+ 43. Ke2 Rh2+ 44. Ke3 Rh3+ 45. Ke2 Rh2+ 46. Ke3 1/2-1/2

[Event "96th ch-GER Candidates"]
[Site "Munich GER"]
[Date "2025.05.22"]
[Round "8.8"]
[White "Hoppstaedter, Daniel"]
[Black "Kocharin, Timur"]
[Result "0-1"]
[BlackTitle "FM"]
[WhiteElo "2161"]
[BlackElo "2324"]
[WhiteFideId "16243625"]
[BlackFideId "16240936"]
[EventDate "2025.05.17"]

1. d4 Nf6 2. Bg5 c5 3. e3 cxd4 4. exd4 d5 5. Bd3 Bg4 6. Ne2 Nc6 7. f3 Bh5 8. Nf4
Bg6 9. Nxg6 hxg6 10. c3 Qc7 11. g3 Rxh2 12. Rxh2 Qxg3+ 13. Rf2 Qg1+ 14. Rf1 Qxg5
15. Nd2 Qh4+ 16. Rf2 O-O-O 17. Qe2 Nh5 18. Qe3 Nf4 19. Bf1 Rd6 20. O-O-O Re6 21.
Ne4 f5 0-1

[Event "96th ch-GER Candidates"]
[Site "Munich GER"]
[Date "2025.05.22"]
[Round "8.9"]
[White "Ollenberger, Roland"]
[Black "Zackrisson, Peter"]
[Result "0-1"]
[WhiteTitle "FM"]
[WhiteElo "2206"]
[BlackElo "2288"]
[WhiteFideId "24608440"]
[BlackFideId "16282078"]
[EventDate "2025.05.17"]

1. e4 c5 2. Nf3 d6 3. d4 cxd4 4. Nxd4 Nf6 5. Nc3 a6 6. Be3 e5 7. Nf3 Be7 8. Bc4
Be6 9. Bb3 Nbd7 10. h3 Rc8 11. O-O Qc7 12. Qd2 O-O 13. Bxe6 fxe6 14. Ng5 Qc4 15.
Qd3 h6 16. Nf3 d5 17. exd5 exd5 18. Qg6 d4 19. Bxh6 Qf7 20. Qxf7+ Rxf7 21. Bd2
dxc3 22. Bxc3 Nd5 23. Rfd1 Nxc3 24. Rxd7 Ne2+ 25. Kf1 Rxc2 26. Re1 e4 27. Rd2
Ng3+ 28. Kg1 Rxd2 29. Nxd2 Bc5 30. Nxe4 Re7 31. Nf6+ gxf6 32. Rxe7 Bxe7 33. fxg3
Bc5+ 34. Kf1 Kf7 35. Ke2 f5 36. Kf3 Kg6 37. g4 Kg5 38. gxf5 Kxf5 39. b3 Be7 40.
g3 Bd6 41. h4 Be7 42. g4+ Ke5 43. g5 Kf5 44. Ke3 Bc5+ 45. Kd3 Bf2 46. Kc4 Bxh4
47. Kc5 Bf2+ 48. Kd6 a5 49. Kd5 b6 50. Kc4 Bc5 0-1

[Event "96th ch-GER Candidates"]
[Site "Munich GER"]
[Date "2025.05.22"]
[Round "8.10"]
[White "Grossmann, Piet"]
[Black "Besou, Hussain"]
[Result "0-1"]
[BlackTitle "FM"]
[WhiteElo "2063"]
[BlackElo "2351"]
[WhiteFideId "16234359"]
[BlackFideId "16269950"]
[EventDate "2025.05.17"]

1. e4 c5 2. Nf3 d6 3. d4 cxd4 4. Nxd4 Nf6 5. Nc3 a6 6. Be3 e5 7. Nb3 Be7 8. f3
Be6 9. Qd2 h5 10. Nd5 Nxd5 11. exd5 Bf5 12. Be2 Bh4+ 13. g3 Be7 14. O-O-O a5 15.
Kb1 a4 16. Nc1 Nd7 17. Bd3 Bxd3 18. Nxd3 O-O 19. h4 f5 20. Bg5 Bf6 21. Nf2 Nc5
22. Nh3 a3 23. b3 e4 24. Bxf6 Qxf6 25. Qd4 Qxd4 26. Rxd4 exf3 27. Rf1 Rae8 28.
Kc1 Re3 29. Kd2 Rfe8 30. Nf4 f2 31. b4 R3e4 32. Ne6 R8xe6 0-1

[Event "96th ch-GER Candidates"]
[Site "Munich GER"]
[Date "2025.05.22"]
[Round "8.11"]
[White "Manucharyan, Andriy"]
[Black "Zuferi, Enis"]
[Result "1-0"]
[BlackTitle "FM"]
[WhiteElo "2141"]
[BlackElo "2351"]
[WhiteFideId "16260910"]
[BlackFideId "24692530"]
[EventDate "2025.05.17"]

1. d4 Nf6 2. c4 g6 3. Nc3 d5 4. Nf3 Bg7 5. Bg5 Ne4 6. Bf4 Nxc3 7. bxc3 c5 8.
cxd5 Qxd5 9. e3 cxd4 10. cxd4 O-O 11. Be2 Nc6 12. O-O Bf5 13. Qa4 Qa5 14. Qxa5
Nxa5 15. Rfc1 Rfc8 16. Nd2 Rxc1+ 17. Rxc1 Rc8 18. Rxc8+ Bxc8 19. d5 Bc3 20. Nb1
Bb4 21. Bc7 Bf5 22. a3 Bd6 23. Bxd6 exd6 24. Nc3 a6 25. e4 Bd7 26. f4 f6 27. Kf2
Kf8 28. Ke3 Ke7 29. Kd4 b5 30. Bd1 Kd8 31. Nb1 Kc7 32. Nd2 Kb6 33. e5 fxe5+ 34.
fxe5 dxe5+ 35. Kxe5 Bc8 36. Be2 Nb7 37. Ne4 a5 38. Nd6 Nxd6 39. Kxd6 b4 40. axb4
axb4 41. Bc4 Bf5 42. Bb3 Kb5 43. Ke7 Kc5 44. d6 g5 45. d7 Bxd7 46. Kxd7 Kd4 47.
Ke6 Ke3 48. Kf5 h6 49. g4 Kf3 50. Bd5+ Ke3 51. Kg6 Kf4 52. Kh5 Ke5 53. Bb3 Kf4
54. Ba2 Kf3 55. Be6 Kg2 56. Kxh6 1-0

[Event "96th ch-GER Candidates"]
[Site "Munich GER"]
[Date "2025.05.22"]
[Round "8.12"]
[White "Steffens, Olaf"]
[Black "Herbrig, Alexander"]
[Result "0-1"]
[WhiteTitle "FM"]
[BlackTitle "FM"]
[WhiteElo "2184"]
[BlackElo "2297"]
[WhiteFideId "4630564"]
[BlackFideId "12952044"]
[EventDate "2025.05.17"]

1. b3 d5 2. e3 Nf6 3. Bb2 g6 4. Bxf6 exf6 5. g3 h5 6. Nf3 Be6 7. Bg2 Qd7 8. Nc3
Nc6 9. e4 d4 10. Ne2 g5 11. d3 h4 12. a3 h3 13. Bf1 Bg4 14. Nd2 Ne5 15. f4 gxf4
16. gxf4 Ng6 17. f5 Ne5 18. Qc1 Bh6 19. Qb2 Be3 20. Ng1 Rg8 21. Be2 Bxe2 22.
Nxe2 Rg2 23. Nf1 O-O-O 24. Nxe3 dxe3 25. Rf1 Qxd3 26. cxd3 Nxd3+ 27. Kd1 Nxb2+
28. Kc2 Rxe2+ 29. Kc3 c5 30. b4 Rd3# 0-1

[Event "96th ch-GER Candidates"]
[Site "Munich GER"]
[Date "2025.05.22"]
[Round "8.13"]
[White "Pfrommer, Christoph"]
[Black "Voicu-Jagodzinsky, Carmen"]
[Result "1-0"]
[WhiteTitle "FM"]
[BlackTitle "WGM"]
[WhiteElo "2272"]
[BlackElo "2220"]
[WhiteFideId "4603290"]
[BlackFideId "1206729"]
[EventDate "2025.05.17"]

1. d4 Nf6 2. Nf3 b6 3. c4 Bb7 4. e3 e6 5. Bd3 d5 6. b3 Bb4+ 7. Nbd2 c5 8. dxc5
Bxc5 9. O-O O-O 10. Bb2 Nbd7 11. Qe2 Qe7 12. a3 a5 13. cxd5 Nxd5 14. Ne4 h6 15.
Bc4 Rac8 16. Ba6 Bxa6 17. Qxa6 Rfd8 18. h3 f5 19. Nxc5 Nxc5 20. Qb5 Qd7 21. Qxd7
Rxd7 22. Nd4 Nd3 23. Rab1 Nxb2 24. Rxb2 Kf7 25. Rd1 Rdc7 26. Nxf5 Rc1 27. Nd6+
Kf6 28. Rxc1 Rxc1+ 29. Kh2 Ke5 30. Nc4+ Kf6 31. a4 h5 32. e4 Nc3 33. Nxb6 Nxe4
34. h4 g5 35. Re2 Nc5 36. hxg5+ Kxg5 37. Nc4 Nxb3 38. Nxa5 Nxa5 39. Re5+ Kf4 40.
Rxa5 h4 41. Rh5 Kg4 42. Re5 Rc6 43. a5 h3 44. f3+ Kf4 45. Re4+ Kf5 46. Kxh3 e5
47. Ra4 Ra6 48. Kg3 Ke6 49. f4 exf4+ 50. Kxf4 Kf6 51. g4 Kg6 52. Ke5 Kf7 53. Kd5
Ke7 54. Kc5 Kd7 55. Kb5 Rg6 56. Rc4 Rg5+ 57. Kb6 Rg6+ 58. Kb7 Rg5 59. Rd4+ Ke6
60. a6 Ke5 61. Ra4 Rg7+ 62. Kb6 Rg6+ 63. Kb5 Kd6 64. a7 1-0

[Event "96th ch-GER Candidates"]
[Site "Munich GER"]
[Date "2025.05.22"]
[Round "8.14"]
[White "Philipp, Mathias"]
[Black "Sauer, Tim"]
[Result "1/2-1/2"]
[WhiteTitle "CM"]
[WhiteElo "2159"]
[BlackElo "2139"]
[WhiteFideId "12958883"]
[BlackFideId "16265726"]
[EventDate "2025.05.17"]

1. e4 c5 2. Nf3 Nc6 3. c3 d5 4. exd5 Qxd5 5. d4 e6 6. Be2 cxd4 7. cxd4 Nf6 8.
Nc3 Qd6 9. O-O Be7 10. Be3 O-O 11. Rc1 Ng4 12. h3 Nxe3 13. fxe3 b6 14. a3 Bb7
15. b4 a5 16. b5 Nb8 17. Ne5 Nd7 18. Nc4 Qb8 19. Bd3 Qg3 20. Ne4 Qh4 21. Ned6
Bd5 22. e4 Bxc4 23. Nxc4 e5 24. dxe5 Bc5+ 25. Kh1 Qe7 26. Qb3 Nxe5 27. Nxe5 Qxe5
28. Rf5 Qg3 29. Rf3 Qe5 30. Rf5 Qg3 31. Rf3 Qe5 32. Rf5 1/2-1/2